01447cam a22002171 450000100100000000500170001000800410002701000130006804000230008104300120010405000170011610000290013324500990016226000550026130000210031649000450033750507560038265000280113865000480116608200150121400001992720200929170207.0740605s1967 nju b 000 0 eng  a67025930 aDO-SdBNPcDLCdDLC an-us---00aPN2266b.K381 aKernan, Alvin B.,ecomp.04aThe modern American theater; :ba collection of critical essays, /cedited by Alvin B. Kernan. aEnglewood Cliffs, N.J., :bPrentice-Hall,c[1967]. a183 p. ;c21 cm.0 aA Spectrum book: Twentieth century views0 aThe attempted dance: a discussion of the modern theater, by A. B. Kernan.--American blues: the plays of Arthur Miller and Tennessee Williams, by K. Tynan.--The world of Thornton Wilder, by T. Guthrie.--The comedy of Thornton Wilder, by T. Bogard.--The men-taming women of William Inge: The dark at the top of the stairs, by R. Brustein--The theater of Edward Albee, by L. Baxandall.--What's the matter with Edward Albee? By T. Driver.--Broadway, by F. Fergusson.--Off-Broadway: editor's note.--The pass-the-hat theater circuit, by E.E. Lester.--Happenings in the New York scene, by A. Kaprow.--The juggernaut of production, by G. Rogoff.--The drama is coming now, by R. Gilman.--Which theater is the absurd one? By E. Albee.--Bibliography (p. 181-183) 0aTheaterzUnited States. 0aDramay20th centuryxHistory and criticism.00a792/.097/3